000 00725nam a2200241 a 4500
008
020 _a0415234832 (hbk.)
049 _aMAIN
090 _aTA645
_bZAL
100 1 _aZalka, Karoly A.
245 1 0 _aGlobal structural analysis of buildings /
_cKaroly A. Zalka.
260 _aLondon :
_bE and FN Spon,
_c2000.
300 _axviii, 341 p. :
_bill. ;
_c24 cm.
504 _aIncludes bibliographical references.
500 _aIncludes index.
650 1 _aStructural analysis
_xEngineering.
650 _aGlobal analysis
_xMathematics.
907 _a.b10303017
_b17-07-12
_c31-10-11
003
005 20230123125339.0
040 _cNUST
942 _cBOOKS
_kTA645
_mZAL
999 _c139955
_d139955